Encuentro nacional sobre: La actividad bananera en Costa Rica: desarrollo bananero y fuerza de trabajo en Costa Rica /

Guardado en:
書目詳細資料
主要作者: Mentón, Héctor
其他作者: Cabral, Juan Carlos, Buarque de Hollanda, Teodoro
格式: Texto
出版: San José: CSUCA
標簽: 添加標簽
沒有標簽, 成為第一個標記此記錄!

MARC

LEADER 00000 a a2200000 04500
001 16667
003
040
090 |a EXTRAVIADO  
100 |a Mentón, Héctor  
245 |a Encuentro nacional sobre: La actividad bananera en Costa Rica: desarrollo bananero y fuerza de trabajo en Costa Rica /  |c Héctor Mentón 
260 |a San José:   |b CSUCA  
300 |a s.p.  
700 |a Cabral, Juan Carlos  
700 |a Buarque de Hollanda, Teodoro  
999 |c 6159  |d 6159